000 01297nam a2200229Ia 4500
999 _c39212
_d39212
001 5798
003 GE_BSU
005 20190605155610.0
008 181216s1978||||ge |||||||||||||| ||geo||
040 _cGE_BSU
041 _ageo
080 _a725.4(075.8) + 72(09)(075.8) მ-77
100 _aმიხაილოვი, ბ.
_92114
245 _aსამოქალაქო და სამრეწველო შენობების არქიტექტურა I. არქიტექტურის ისტორია :
_bსახელმძღვ. /
_cბ. მიხაილოვი ; მთარგმ. დ. კომახიძე, რედ. თ. ჩიჩუა.
264 _aთბილისი :
_bგანათლება,
_c1978.
300 _a450გვ;22სმ;ილ;ბიბლიოგრ.:გვ.448.
504 _aბიბლიოგრ. : გვ.448.
653 _aსამოქალაქო და სამრეწველო შენობების არქიტექტურა არქიტექტურის ისტორია
653 _a არქიტექტურის ისტორია
700 _aკომახიძე, დ.
_eმთარგმნელი
_92115
942 _cBK
_2udc